00282nam a2200133Ia 4500003000400000008004100004040000800045100002500053245002700078260001000105260001400115260000900129300001000138RNL090707b ii f a fnsan d aRCL aNoor, Sutinder Singh aKavita Rachna Virachna aDelhi bShilalekh c2009 a159p.